000
00257nam a2200097Ia 4500
001
709273
005
20250826162543.0
008
250824s9999 xx 000 0 und d
245
0
_a
PUDİNG POLİ KARIŞTIRIYOR
_c
CHRISTINE NÖSTLINGER
260
_b
TUDEM YAYINLARI
999
_c
709273
_d
709273